000 00718nas a22001817a 4500
008 130226t19889999bl ||||| |||| 00| 0 por d
022 _a0103-166X
245 _aEstudos de Psicologia
260 _aCampinas:
_bInstituto de Psicologia da PUCCAMP,
_c1988
300 _av. :
310 _acuatrimestral
546 _aportugués
590 _aIndizada en: SciELO,LILACS, PsycINFO, Scopus, CLASE, Latindex, Index Psi
590 _aExistencias: 1988 5(2); 1991 8(1) 8-2(2); 1992 9(1-3); 1993 10(1-3); 1994 11(1-3); 1995 12(1-3); 1996 13(1-3); 1997 14(1-3); 1998 15(1-3)
650 _aPSICOLOGIA
_91909
856 _uhttp://www.scielo.br/scielo.php?script=sci_serial&pid=0103-166X&nrm=iso&rep=&lng=es
942 _2ddc
_cCR
999 _c1181
_d1181